00891nam a2200265Ia 4500001000900000003000500009005001700014008004100031010001100072020003800083040000900121082001700130100002800147245007000175250001100245260007400256300002300330500013300353503001400486504002800500650002500528650002200553650003100575650001900606dia_5155CHAP20251023172937.0220117s2004 xx 000 0 und d a176015 a978-0-7637-0067-6 \ 0-7637-0067-3 cCHAP a576 P66 2004 aPommerville, Jeffrey C. aAlcamo's fundamentals of microbiology /c Jeffrey C. Pommerville a7a ed. aEstados Unidos de América :b Jones and Bartlett Publishers,c2004 a1v. (pag. variada) aAnteriormente publicada como: Fundamentals of microbiology / Edward I. Alcamo. 6th ed. Sudbury, Mass. : Jones and Bartlett, 2001 aI. 233726 aIncluye bibliografías aMedical microbiology aMicrobiología  aMicrobiología médica  aMicrobiology